Phylogenie und system der mollusken /

Guardado en:
Autor Principal: Ihering, H. von 1850-1930.
Formato: Libro
Idioma:German
Publicado: Frankfurt, a M. : M. Diesterweg, 1922.
Series:Abhandlungen des Archiv für Molluskenkunde ; Bd. 1, Heft 1
Acceso en línea:Acceso a texto completo
Etiquetas: Agregar Etiqueta
Sin Etiquetas, Sea el primero en etiquetar este registro!
LEADER 00682nam a22001695a 4500
001 EEA.libagro005462
008 130809s1922####gw#a##########000#0#ger#d
005 20201016200233.0
245 1 0 |a Phylogenie und system der mollusken /  |c von H.v. Ihering. 
260 |a Frankfurt, a M. :  |b M. Diesterweg,  |c 1922. 
300 |a 115 p. :  |b il. ;  |c 23 cm. 
490 1 |a Abhandlungen des Archiv für Molluskenkunde ;  |v Bd. 1, Heft 1 
530 |a Disponible también en línea. 
100 1 |a Ihering, H. von  |q (Hermann),  |d 1850-1930. 
082 0 4 |a 594.015 
856 4 1 |3 Acceso a texto completo  |u http://www.biodiversitylibrary.org/bibliography/10350#/summary 
859 |a AR-BbBCA  |b BIB. AGRONOMIA  |h 594.015  |i I25  |p 1996/2776